000 00422nam a2200157Ia 4500
008 231217s9999 xx 000 0 und d
020 _a8178812193
041 _aEnglish
082 _a658.8 KAN;5
100 _aKanshesh, Anshul ed.
245 0 _aPharmaceutical marketing : emerging trends
260 _c2006
_bICFAI Press
_aHyderabad
300 _axi, 184
650 _aPharmaceutical,marketing,trends
942 _cAA
999 _c191006
_d191006